Unfamiliar masterpiece of painting in East German collections /

Bibliographic Details
Main Author: Scheidig, Walther
Format: Book
Language:English
German
Published: New York : October House, [1965]
Subjects:

MARC

Tag First Indicator Second Indicator Subfields
LEADER 00000cam a2200000 4500
001 in00000021220
005 20151007061018.0
008 770316c19651964nyuf b 00000 eng
010 |a  65014358  
035 |a (OCoLC)02808887 
035 |9 AAD0833AM 
040 |a DLC  |c YDM  |d TXA  |d UtOrBLW 
041 1 |a eng  |a ger 
049 |a TXAM  |c [451316] 
050 0 |a ND450  |b .S313 
082 0 |a 759.94 
092 |a 759.94  |b S318u 
100 1 |a Scheidig, Walther. 
245 1 0 |a Unfamiliar masterpiece of painting in East German collections /  |c [Translated from the German by Anthony Rhodes]. 
264 1 |a New York :  |b October House,  |c [1965] 
264 4 |c [©1964] 
300 |a 159 pages :  |b 159 plates (part color) ;  |c 28 cm. 
336 |a text  |b txt  |2 rdacontent 
337 |a unmediated  |b n  |2 rdamedia 
338 |a volume  |b nc  |2 rdacarrier 
504 |a Bibliography: pages 13-14. 
650 0 |a Painting  |z Germany (East) 
650 0 |a Painting, European. 
999 |a MARS 
999 f f |s ea892080-449d-3b1f-8299-ab64de5bf3c1  |i 755a897d-ac91-35fe-a88a-0b11dc8c6237  |t 0 
952 f f |p ric  |a Texas A&M University  |b Rellis Campus  |c Joint Library Facility  |d Remote Storage  |t 0  |e ND450 .S313  |h Library of Congress classification  |i unmediated -- volume  |m A14801158853 
998 f f |a ND450 .S313  |t 0  |l Remote Storage